000 00502nam a2200181Ia 4500
005 20250508155347.0
008 008 250505s9999 xx 000 0 eng d
037 _aTextual
040 _aFEDL
_beng
_cFEDL
041 _aeng
_2eng
084 _a991, RAO
_qFEDL
100 _aRao Uma
245 0 _aIndonesia: Indonesia ka bhogolik awam samajik parichya
260 _aDelhi, India
_bRajkamal Prakashan
_c1958
300 _a76p.
942 _cTEXL
_h991, RAO
999 _c1356284
_d1356284